<?xml version="1.0" encoding="UTF-8"?>
<record
    xmlns:xsi="http://www.w3.org/2001/XMLSchema-instance"
    xsi:schemaLocation="http://www.loc.gov/MARC21/slim http://www.loc.gov/standards/marcxml/schema/MARC21slim.xsd"
    xmlns="http://www.loc.gov/MARC21/slim">

  <leader>02034nam a22002417a 4500</leader>
  <datafield tag="952" ind1=" " ind2=" ">
    <subfield code="0">0</subfield>
    <subfield code="1">0</subfield>
    <subfield code="2">lcc</subfield>
    <subfield code="4">0</subfield>
    <subfield code="7">0</subfield>
    <subfield code="a">20</subfield>
    <subfield code="b">20</subfield>
    <subfield code="d">2019-03-12</subfield>
    <subfield code="l">0</subfield>
    <subfield code="o">HT151 F67</subfield>
    <subfield code="p">20 004136</subfield>
    <subfield code="r">2019-03-12</subfield>
    <subfield code="t">1</subfield>
    <subfield code="w">2019-03-12</subfield>
    <subfield code="y">LB</subfield>
  </datafield>
  <datafield tag="999" ind1=" " ind2=" ">
    <subfield code="c">103925</subfield>
    <subfield code="d">103925</subfield>
  </datafield>
  <controlfield tag="008">190312b           ||||| |||| 00| 0 spa d</controlfield>
  <datafield tag="020" ind1=" " ind2=" ">
    <subfield code="a">9789708191081</subfield>
  </datafield>
  <datafield tag="050" ind1=" " ind2=" ">
    <subfield code="a">HT151</subfield>
    <subfield code="b">F67</subfield>
  </datafield>
  <datafield tag="245" ind1=" " ind2=" ">
    <subfield code="a">Formas territoriales</subfield>
    <subfield code="b"> : Visiones y perspectivas desde la teor&#xED;a</subfield>
    <subfield code="c"> / Blanca Rebeca Ram&#xED;rez Vel&#xE1;zquez (coordinadora)</subfield>
  </datafield>
  <datafield tag="260" ind1=" " ind2=" ">
    <subfield code="a">M&#xE9;xico</subfield>
    <subfield code="b"> : Universidad Aut&#xF3;noma Metropolitana</subfield>
    <subfield code="b"> Miguel &#xC1;ngel Porr&#xFA;a</subfield>
    <subfield code="c"> , 2008</subfield>
  </datafield>
  <datafield tag="300" ind1=" " ind2=" ">
    <subfield code="a">292 p&#xE1;ginas</subfield>
  </datafield>
  <datafield tag="500" ind1=" " ind2=" ">
    <subfield code="a">Incluye:
Introducci&#xF3;n
&#xCD;ndice de contenido</subfield>
  </datafield>
  <datafield tag="504" ind1=" " ind2=" ">
    <subfield code="a">Bibliograf&#xED;a (pp. 283-286)</subfield>
  </datafield>
  <datafield tag="505" ind1=" " ind2=" ">
    <subfield code="a">De los procesos y del conocimiento a las formas urbanas
Impensar la ciudad o en busca del pensamiento complejo. Un necesario recorrido epistemol&#xF3;gico
Interdependencia urbana y territorial
Forma urbana y calidad de vida
El enfoque de la teor&#xED;a del h&#xE1;bitat, el habitar y la habitabilidad
Forma urbana y tecnolog&#xED;a
Impactos de la globalizaci&#xF3;n en la sociedad urbana. Reflexiones sobre las telecomunicaciones en la experiencia mexicana
Relaciones tecnolog&#xED;a-ciudad/metr&#xF3;polis: las relaciones entre la innovaci&#xF3;n tecnol&#xF3;gica y territorio en la zona metropolitana de la Ciudad de M&#xE9;xico
Nuevas formas urbanas
Procesos contempor&#xE1;neos y formas territoriales en la metr&#xF3;poli del Valle de M&#xE9;xico
Transformaciones del sistema productivo y nuevas formas metropolitanas: una propuesta interpretativa
Acercamientos te&#xF3;ricos-metodol&#xF3;gicos
Teor&#xED;as de la relaci&#xF3;n naturaleza-sociedad en los territorios. Propuesta desde el marxismo ecol&#xF3;gico y el enfoque de la complejidad
La globalizaci&#xF3;n imperialista y las ciudades latinoamericanas</subfield>
  </datafield>
  <datafield tag="519" ind1=" " ind2=" ">
    <subfield code="a">Material Complementario / </subfield>
    <subfield code="d">(20 004136)</subfield>
  </datafield>
  <datafield tag="650" ind1=" " ind2="0">
    <subfield code="a">CIUDADES Y PUEBLOS</subfield>
    <subfield code="x">CRECIMIENTO</subfield>
    <subfield code="z">M&#xC9;XICO</subfield>
  </datafield>
  <datafield tag="650" ind1=" " ind2="0">
    <subfield code="a">SOCIOLOG&#xCD;A URBANA</subfield>
    <subfield code="z">M&#xC9;XICO</subfield>
  </datafield>
  <datafield tag="700" ind1=" " ind2=" ">
    <subfield code="a">Ram&#xED;rez Vel&#xE1;zquez, Blanca Rebeca</subfield>
    <subfield code="e"> , coordinadora</subfield>
  </datafield>
  <datafield tag="700" ind1=" " ind2=" ">
    <subfield code="a">Coulomb, Ren&#xE9;</subfield>
    <subfield code="e"> , introducci&#xF3;n</subfield>
  </datafield>
  <datafield tag="700" ind1=" " ind2=" ">
    <subfield code="a">Terrazas, Oscar</subfield>
    <subfield code="e"> , introducci&#xF3;n</subfield>
  </datafield>
  <datafield tag="942" ind1=" " ind2=" ">
    <subfield code="2">lcc</subfield>
    <subfield code="c">LB</subfield>
  </datafield>
</record>
